|
|
|
|
| LEADER |
00952nam a2200229 a 4500 |
| 001 |
0026779 |
| 003 |
BD-DhAAL |
| 008 |
130420s2005 bg 000 0 ben d |
| 020 |
|
|
|a 1582254362
|
| 040 |
|
|
|a BD-DhAAL
|c BD-DhAAL
|
| 041 |
|
|
|a ben
|
| 082 |
0 |
0 |
|a 808.81
|2 22
|
| 100 |
1 |
|
|a নওয়াজ, আহমদ.
|9 26005
|
| 245 |
1 |
0 |
|a নওয়াজ কাব্যসমগ্র :
|b ছন্দকোষ /
|c আহমদ নওয়াজ
|
| 260 |
|
|
|a ঢাকা :
|b অনন্ত প্রকাশনী,
|c ২০০৫.
|
| 300 |
|
|
|a ৯৫০ পৃষ্ঠা :
|b চিত্র ;
|c ২২ সে.মি.
|
| 541 |
1 |
|
|e 00026779
|
| 650 |
|
0 |
|a Poetry.
|9 26006
|
| 852 |
1 |
|
|a Ayesha Abed Library
|j General shelf
|
| 942 |
|
|
|2 ddc
|c BK
|
| 999 |
|
|
|c 13416
|d 13416
|
| 952 |
|
|
|0 0
|1 0
|4 0
|6 808_810000000000000_NAW
|7 0
|9 22353
|a BRACUL
|b BRACUL
|c GEN
|d 2012-04-22
|e Ahamad Nawaz Foundation
|g 1200.00
|l 2
|m 23
|o 808.81 NAW
|p 3010026779
|r 2023-10-11
|s 2023-10-01
|t 1
|w 2012-04-22
|y BK
|